Truyện thơ người Dao khâu ở Sìn Hồ - Lai Châu

Đã lưu trong:
Chi tiết về thư mục
Tác giả chính: Tẩn Kim Phu
Định dạng: Sách
Được phát hành: H. Khoa học xã hội 2015
Các nhãn: Thêm thẻ
Không có thẻ, Là người đầu tiên thẻ bản ghi này!
Thư viện lưu trữ: Mạng thư viện Đại học Đà Nẵng
LEADER 00754nam a2200217 4500
001 000023671
003 20124
005 20160114160136.0
008 160114s2015 sd
100 1 |a Tẩn Kim Phu 
245 1 0 |a Truyện thơ người Dao khâu ở Sìn Hồ - Lai Châu  |c Tẩn Kim Phu 
260 |a H.  |b Khoa học xã hội  |c 2015 
774 |a Tẩn Kim Phu  |d H.  |d Khoa học xã hội  |d 2015  |g T.2  |h 203 tr.  |n ĐTTS ghi: Hội Văn nghệ dân gian Việt Nam  |t Truyện thơ người Dao khâu ở Sìn Hồ - Lai Châu  |w 20125 
OWN |a LSP 
999 |a From the UDN01 
TYP |a Monograph 
TYP |a Printed language 
980 |a Mạng thư viện Đại học Đà Nẵng